000 00795nam a22002777a 4500
008 130617b xxu||||| |||| 00| 0 eng d
020 _a81-86535-42-x
024 _cAvailable
037 _cAvailable
040 _aMBSTU LIBRARY
_dMBSTU LIBRARY
082 _222
_a620.8 BRI
100 _aBrown, C M
110 _aI Campbell and F G Priest.
245 _aIntroduction to biotechnology.
260 _aNew Delhi
_bPanima Publishing Corporation.
_c2002
300 _a24 cm.
_bvii, 169 page.
_f5
_g24 cm.
600 _2Biotechnology.
610 _2Cutting.
650 _2Biotechnology.
700 _aBrown, C M
710 _aI Campbell and F G Priest.
270 _aNew Delhi
_bNew Delhi
_dIndia
365 _b836.00
_d836.00
942 _2ddc
_cBK
999 _c485
_d485